|
|
|
|
| LEADER |
00000cam a22000004a 4500 |
| 001 |
musev2_1928 |
| 003 |
MdBmJHUP |
| 005 |
20230905040251.0 |
| 006 |
m o d |
| 007 |
cr||||||||nn|n |
| 008 |
100415s2011 txu o 00 0 eng d |
| 010 |
|
|
|z 2010015367
|
| 020 |
|
|
|a 9780292784833
|
| 020 |
|
|
|z 0292722605
|
| 020 |
|
|
|z 029278483x
|
| 020 |
|
|
|z 9780292722606
|
| 035 |
|
|
|a (OCoLC)704290287
|
| 040 |
|
|
|a MdBmJHUP
|c MdBmJHUP
|
| 043 |
|
|
|a nwcu---
|
| 050 |
0 |
4 |
|a LA486
|b .B58 2011
|
| 082 |
0 |
|
|a 370.97291
|2 22
|
| 100 |
1 |
|
|a Blum, Denise F.,
|d 1960-
|
| 245 |
1 |
0 |
|a Cuban Youth and Revolutionary Values :
|b Educating the New Socialist Citizen /
|c Denise F. Blum.
|
| 250 |
|
|
|a 1st ed.
|
| 264 |
|
1 |
|a Austin :
|b University of Texas Press,
|c 2011.
|
| 264 |
|
3 |
|a Baltimore, Md. :
|b Project MUSE,
|c 2012
|
| 264 |
|
4 |
|c ©2011.
|
| 300 |
|
|
|a 1 online resource (286 pages):
|b ill. ;
|
| 336 |
|
|
|a text
|b txt
|2 rdacontent
|
| 337 |
|
|
|a computer
|b c
|2 rdamedia
|
| 338 |
|
|
|a online resource
|b cr
|2 rdacarrier
|
| 504 |
|
|
|a Includes bibliographical references (p. [251]-264) and index.
|
| 588 |
|
|
|a Description based on print version record.
|
| 650 |
|
0 |
|a Education
|x Curricula
|z Cuba.
|
| 650 |
|
0 |
|a Education
|z Cuba
|x Evaluation.
|
| 650 |
|
0 |
|a Education
|z Cuba
|x History.
|
| 655 |
|
7 |
|a Electronic books.
|2 local
|
| 710 |
2 |
|
|a Project Muse.
|e distributor
|
| 830 |
|
0 |
|a Book collections on Project MUSE.
|
| 856 |
4 |
0 |
|z Texto completo
|u https://projectmuse.uam.elogim.com/book/1928/
|
| 945 |
|
|
|a Project MUSE - Custom Collection
|
| 945 |
|
|
|a Project MUSE - 2011 Complete
|
| 945 |
|
|
|a Project MUSE - 2011 Latin American and Caribbean Studies
|
| 945 |
|
|
|a Project MUSE - 2011 Global Cultural Studies
|